[Event "Argentina ch 2005 final"]
[Site "Buenos Aires"]
[Date "2005.09.08"]
[Round "1.1"]
[White "Needleman, Gaston"]
[Black "Pierrot, Juan Facundo"]
[Result "0-1"]
[WhiteElo "2242"]
[BlackElo "2449"]
[PlyCount "86"]
[EventDate "2005.09.08"]
[EventType "tourn"]
[EventRounds "9"]
[EventCountry "ARG"]
[EventCategory "7"]
[Source "lmi"]
[SourceDate "2005.09.18"]

1. e4 d6 2. d4 Nf6 3. Nc3 g6 4. Be2 Bg7 5. Nf3 O-O 6. O-O c5 7. Re1 cxd4 8.
Nxd4 Nc6 9. Nb3 Be6 10. Bf1 d5 11. Nc5 Bg4 12. f3 d4 13. N3a4 Bc8 14. Bf4 a6
15. c4 b6 16. Nd3 Nd7 17. b4 b5 18. Nab2 bxc4 19. Nxc4 Nb6 20. Qb3 Be6 21. Nc5
Bxc4 22. Bxc4 d3 23. Bd5 Nxd5 24. exd5 Bxa1 25. Rxa1 Nd4 26. Qxd3 Qxd5 27. Re1
Qd8 28. Rd1 Re8 29. Qxd4 Qxd4+ 30. Rxd4 e5 31. Bxe5 Rxe5 32. Kf2 a5 33. Nd3 Rh5
34. h4 axb4 35. Nxb4 Rb5 36. g4 h6 37. Kg3 Kg7 38. Kf4 Ra4 39. a3 Rxa3 40. Nd3
Ra1 41. Ne5 g5+ 42. hxg5 hxg5+ 43. Kf5 Raa5 0-1

[Event "Argentina ch 2005 final"]
[Site "Buenos Aires"]
[Date "2005.09.08"]
[Round "1.2"]
[White "Soppe, Guillermo"]
[Black "Valerga, Diego"]
[Result "1/2-1/2"]
[WhiteElo "2432"]
[BlackElo "2499"]
[PlyCount "36"]
[EventDate "2005.09.08"]
[EventType "tourn"]
[EventRounds "9"]
[EventCountry "ARG"]
[EventCategory "7"]
[Source "lmi"]
[SourceDate "2005.09.18"]

1. Nf3 c5 2. c4 Nc6 3. Nc3 Nd4 4. e3 Nxf3+ 5. Qxf3 g6 6. g4 Nf6 7. g5 Nh5 8. b3
Bg7 9. Bb2 d6 10. Be2 Rb8 11. Qg2 a6 12. Bxh5 gxh5 13. Nd1 Bxb2 14. Nxb2 b5 15.
Rg1 Qa5 16. Qe4 Be6 17. Qc2 bxc4 18. Nxc4 Qb5 1/2-1/2

[Event "Argentina ch 2005 final"]
[Site "Buenos Aires"]
[Date "2005.09.08"]
[Round "1.3"]
[White "Perdomo, Leandro"]
[Black "Ricardi, Pablo"]
[Result "1/2-1/2"]
[WhiteElo "2345"]
[BlackElo "2551"]
[PlyCount "36"]
[EventDate "2005.09.08"]
[EventType "tourn"]
[EventRounds "9"]
[EventCountry "ARG"]
[EventCategory "7"]
[Source "lmi"]
[SourceDate "2005.09.18"]

1. d4 Nf6 2. c4 e6 3. Nc3 Bb4 4. e3 c5 5. Bd3 d5 6. Nf3 Nc6 7. O-O O-O 8. a3
Bxc3 9. bxc3 Qc7 10. cxd5 exd5 11. a4 Re8 12. Ba3 c4 13. Bc2 Bg4 14. Qe1 Bxf3
15. gxf3 Nh5 16. Kh1 Re6 17. Rg1 Rae8 18. Qf1 Rh6 1/2-1/2

[Event "Argentina ch 2005 final"]
[Site "Buenos Aires"]
[Date "2005.09.08"]
[Round "1.4"]
[White "Duarte, Leonardo"]
[Black "Lafuente, Pablo"]
[Result "0-1"]
[WhiteElo "2317"]
[BlackElo "2435"]
[PlyCount "84"]
[EventDate "2005.09.08"]
[EventType "tourn"]
[EventRounds "9"]
[EventCountry "ARG"]
[EventCategory "7"]
[Source "lmi"]
[SourceDate "2005.09.18"]

1. e4 c5 2. Nf3 d6 3. d4 cxd4 4. Nxd4 Nf6 5. Nc3 a6 6. Bg5 e6 7. f4 Qc7 8. f5
Qc5 9. Qd2 Nc6 10. Nb3 Qb6 11. O-O-O Bd7 12. Be2 Ne5 13. Rhf1 h5 14. Kb1 Be7
15. Bxf6 gxf6 16. Nd4 Rh7 17. h4 O-O-O 18. Bf3 Nc4 19. Qc1 Bf8 20. Be2 Bh6 21.
Bxc4 Bxc1 22. Kxc1 Re8 23. fxe6 fxe6 24. Rxf6 Qc5 25. Bb3 Qe5 26. Rf2 Qg3 27.
Rfd2 Qxh4 28. Nf3 Qg3 29. Kb1 h4 30. Ne1 Kc7 31. Rd3 Qf4 32. Rf3 Qg4 33. Rfd3
Bc6 34. Rxd6 Rd7 35. Rxd7+ Bxd7 36. Bc4 Bc6 37. Be2 Qg3 38. Nf3 Rh8 39. Rg1 Qf2
40. Bd1 Rd8 41. a3 Bxe4 42. Nxe4 Qxg1 0-1

[Event "Argentina ch 2005 final"]
[Site "Buenos Aires"]
[Date "2005.09.08"]
[Round "1.5"]
[White "Flores, Diego"]
[Black "Alonso, Salvador"]
[Result "0-1"]
[WhiteElo "2513"]
[BlackElo "2456"]
[PlyCount "88"]
[EventDate "2005.09.08"]
[EventType "tourn"]
[EventRounds "9"]
[EventCountry "ARG"]
[EventCategory "7"]
[Source "lmi"]
[SourceDate "2005.09.18"]

1. c4 Nf6 2. d4 c5 3. d5 b5 4. g3 g6 5. Bg2 d6 6. b4 Bg7 7. Bb2 cxb4 8. c5 Nbd7
9. cxd6 exd6 10. Nf3 Nc5 11. O-O O-O 12. a3 bxa3 13. Nxa3 Bd7 14. Rc1 b4 15.
Nc4 Ba4 16. Qd2 a5 17. Nd4 Nb3 18. Nxb3 Bxb3 19. Ne3 Rb8 20. Bd4 a4 21. Qb2 h5
22. Rc6 Ne8 23. Bxg7 Nxg7 24. Rfc1 Ne8 25. Nf1 Qf6 26. Qxf6 Nxf6 27. Rxd6 Kg7
28. Nd2 Ba2 29. e4 Rfd8 30. Rcc6 Ng4 31. Ra6 a3 32. Bf1 Rdc8 33. h3 Ne5 34. f4
Nc4 35. Bxc4 Bxc4 36. Ra7 Bb5 37. e5 Rd8 38. Re7 a2 39. Nb3 Rdc8 40. Na1 Rc1+
41. Kg2 Rxa1 42. Rf6 Be8 43. f5 Rg1+ 44. Kh2 gxf5 0-1

[Event "Argentina ch 2005 final"]
[Site "Buenos Aires"]
[Date "2005.09.09"]
[Round "2.1"]
[White "Pierrot, Juan Facundo"]
[Black "Alonso, Salvador"]
[Result "1-0"]
[WhiteElo "2449"]
[BlackElo "2456"]
[PlyCount "115"]
[EventDate "2005.09.08"]
[EventType "tourn"]
[EventRounds "9"]
[EventCountry "ARG"]
[EventCategory "7"]
[Source "lmi"]
[SourceDate "2005.09.18"]

1. e4 c5 2. Nf3 Nc6 3. d4 cxd4 4. Nxd4 Nf6 5. Nc3 e5 6. Ndb5 d6 7. Bg5 a6 8.
Na3 b5 9. Nd5 Be7 10. Bxf6 Bxf6 11. c3 Bb7 12. Nc2 Ne7 13. Nce3 Bg5 14. Nxe7
Bxe7 15. Nd5 O-O 16. a4 bxa4 17. Rxa4 a5 18. Bc4 Bc6 19. Ra2 a4 20. O-O Rb8 21.
Qd3 Qd7 22. Nb4 Bd8 23. Rfa1 Kh8 24. Bd5 Bxd5 25. Nxd5 Bg5 26. Nb4 f5 27. Rxa4
fxe4 28. Qxe4 Qf7 29. f3 Qb3 30. R4a2 h6 31. Qe2 Bd8 32. Kh1 Bb6 33. Qd1 Qe6
34. Qd5 Qg6 35. Ra6 e4 36. Qxe4 Qg5 37. Qd5 Qe3 38. Qd3 Qf2 39. Qc2 Qh4 40. Nd5
Bc5 41. R6a4 Qg5 42. Rd1 Rfe8 43. Nf4 Re3 44. Re4 Rxe4 45. Qxe4 Rxb2 46. Ra1
Rb8 47. Ng6+ Kg8 48. Ne7+ Kh8 49. f4 Qh5 50. h3 Qe8 51. Re1 Qf7 52. Ra1 Qe8 53.
Qe6 Qb5 54. f5 Qb2 55. Rf1 Qb5 56. c4 Qb2 57. f6 Qd4 58. f7 1-0

[Event "Argentina ch 2005 final"]
[Site "Buenos Aires"]
[Date "2005.09.09"]
[Round "2.2"]
[White "Lafuente, Pablo"]
[Black "Flores, Diego"]
[Result "0-1"]
[WhiteElo "2435"]
[BlackElo "2513"]
[PlyCount "126"]
[EventDate "2005.09.08"]
[EventType "tourn"]
[EventRounds "9"]
[EventCountry "ARG"]
[EventCategory "7"]
[Source "lmi"]
[SourceDate "2005.09.18"]

1. d4 e6 2. c4 Nf6 3. Nf3 b6 4. g3 Ba6 5. Nbd2 c5 6. Bg2 Bb7 7. dxc5 Bxc5 8.
O-O O-O 9. b3 Be7 10. Bb2 d6 11. e4 Qc7 12. Qe2 Nc6 13. h3 Nd7 14. Rad1 Bf6 15.
Nb1 Bxb2 16. Qxb2 Rfd8 17. Nc3 a6 18. Qd2 Nf6 19. Qe3 Rab8 20. Rc1 Ne7 21. Rfd1
h6 22. Qe1 Rbc8 23. e5 Ne8 24. exd6 Nxd6 25. Nh4 Bxg2 26. Nxg2 Ng6 27. Qe2 Nf5
28. Qe4 Rxd1+ 29. Nxd1 Qc5 30. Nde3 Nd6 31. Qc2 Ne5 32. Ne1 Qc6 33. Rd1 Ne4 34.
h4 f5 35. Qb2 Nf7 36. N3g2 e5 37. Ne3 f4 38. Nd5 Re8 39. Qe2 Nfd6 40. Kh2 b5
41. Rc1 bxc4 42. bxc4 Kh8 43. Nd3 Rf8 44. gxf4 exf4 45. f3 Ng3 46. Qd2 Nxc4 47.
Qb4 Rc8 48. N3xf4 Ne2 49. Rxc4 Qxc4 50. Qxc4 Rxc4 51. Nxe2 Rxh4+ 52. Kg3 Rc4
53. Nec3 g5 54. Ne4 Kg7 55. Kg4 Kg6 56. Ne7+ Kg7 57. Nd5 Rd4 58. Ndc3 Kg6 59.
Ne2 Rb4 60. Kg3 Kf5 61. a3 Ra4 62. Nd6+ Kg6 63. Nb7 Rxa3 0-1

[Event "Argentina ch 2005 final"]
[Site "Buenos Aires"]
[Date "2005.09.09"]
[Round "2.3"]
[White "Ricardi, Pablo"]
[Black "Duarte, Leonardo"]
[Result "1-0"]
[WhiteElo "2551"]
[BlackElo "2317"]
[PlyCount "59"]
[EventDate "2005.09.08"]
[EventType "tourn"]
[EventRounds "9"]
[EventCountry "ARG"]
[EventCategory "7"]
[Source "lmi"]
[SourceDate "2005.09.18"]

1. Nf3 c5 2. c4 Nf6 3. g3 b6 4. Bg2 Bb7 5. O-O e6 6. Nc3 Be7 7. Re1 O-O 8. e4
d6 9. d4 cxd4 10. Nxd4 Qc7 11. Bg5 a6 12. Rc1 Re8 13. Nd5 exd5 14. cxd5 Qd8 15.
Nc6 Bxc6 16. dxc6 Qc7 17. Bf4 Rd8 18. e5 dxe5 19. Qxd8+ Bxd8 20. Bxe5 a5 21.
Bxc7 Bxc7 22. Re7 Na6 23. Bf1 Kf8 24. Rce1 Bd6 25. Bxa6 Rxa6 26. Rb7 Ne8 27.
Rd7 b5 28. Rd8 Be7 29. c7 Rd6 30. Rxe8+ 1-0

[Event "Argentina ch 2005 final"]
[Site "Buenos Aires"]
[Date "2005.09.09"]
[Round "2.4"]
[White "Valerga, Diego"]
[Black "Perdomo, Leandro"]
[Result "1-0"]
[WhiteElo "2499"]
[BlackElo "2345"]
[PlyCount "77"]
[EventDate "2005.09.08"]
[EventType "tourn"]
[EventRounds "9"]
[EventCountry "ARG"]
[EventCategory "7"]
[Source "lmi"]
[SourceDate "2005.09.18"]

1. e4 e5 2. Nf3 Nc6 3. Bb5 a6 4. Ba4 Nf6 5. O-O Be7 6. Re1 b5 7. Bb3 O-O 8. h3
Bb7 9. d3 h6 10. Nc3 Bc5 11. a3 d6 12. Ne2 Nh7 13. Ng3 Ne7 14. c3 Ng6 15. d4
Bb6 16. Be3 exd4 17. cxd4 c5 18. Bc2 Rc8 19. d5 Re8 20. Nf5 Ba5 21. Re2 Qf6 22.
Rb1 Ne7 23. Ng3 Ng6 24. b4 Bb6 25. Nf5 Nhf8 26. Nh2 Ne5 27. Ng4 Nxg4 28. hxg4
Nd7 29. Qc1 cxb4 30. axb4 Bxe3 31. Qxe3 Ne5 32. Qb6 Ba8 33. Qxd6 Qg5 34. Qxa6
Qxg4 35. Kf1 Nc4 36. Rd1 Ne5 37. Qa1 Qh5 38. f4 Ng4 39. Qxg7# 1-0

[Event "Argentina ch 2005 final"]
[Site "Buenos Aires"]
[Date "2005.09.09"]
[Round "2.5"]
[White "Needleman, Gaston"]
[Black "Soppe, Guillermo"]
[Result "0-1"]
[WhiteElo "2242"]
[BlackElo "2432"]
[PlyCount "72"]
[EventDate "2005.09.08"]
[EventType "tourn"]
[EventRounds "9"]
[EventCountry "ARG"]
[EventCategory "7"]
[Source "lmi"]
[SourceDate "2005.09.18"]

1. e4 Nf6 2. e5 Nd5 3. c4 Nb6 4. c5 Nd5 5. Bc4 e6 6. Nc3 c6 7. Ne4 b6 8. Nd6+
Bxd6 9. cxd6 O-O 10. d4 Ba6 11. Bxd5 cxd5 12. Qg4 f6 13. Bh6 Rf7 14. Nf3 Nc6
15. Rc1 Nb4 16. Kd2 Nd3 17. Qg3 Nxc1 18. Rxc1 Rc8 19. Rxc8 Bxc8 20. Be3 Kh8 21.
h4 b5 22. b4 a5 23. a3 axb4 24. axb4 Bb7 25. h5 Qa8 26. Ne1 fxe5 27. Qxe5 Rf5
28. Qh2 Qa2+ 29. Nc2 Rf8 30. Qh1 Rc8 31. Qd1 h6 32. Bf4 Qb3 33. Be5 Rc3 34. Qc1
Qc4 35. Qb1 Qd3+ 36. Kc1 Qf1+ 0-1

[Event "Argentina ch 2005 final"]
[Site "Buenos Aires"]
[Date "2005.09.10"]
[Round "3.2"]
[White "Perdomo, Leandro"]
[Black "Needleman, Gaston"]
[Result "0-1"]
[WhiteElo "2345"]
[BlackElo "2242"]
[PlyCount "166"]
[EventDate "2005.09.08"]
[EventType "tourn"]
[EventRounds "9"]
[EventCountry "ARG"]
[EventCategory "7"]
[Source "lmi"]
[SourceDate "2005.09.18"]

1. d4 Nf6 2. c4 c5 3. d5 g6 4. Nc3 Bg7 5. e4 d6 6. Bg5 O-O 7. Qd2 b5 8. cxb5 a6
9. Nf3 Qa5 10. b6 Nbd7 11. Be2 Nxb6 12. O-O Na4 13. Bd3 Bg4 14. Nxa4 Qxa4 15.
b3 Qd7 16. Nh4 Qb7 17. Rab1 Rfb8 18. a4 Qc8 19. Rfe1 Rb4 20. Bc4 Rab8 21. f3
Bd7 22. Qc2 Nh5 23. g3 Bd4+ 24. Kh1 Bxa4 25. g4 Rxc4 26. Qxc4 Bb5 27. Qc2 Nf6
28. Be3 Qf8 29. Qd2 Bxe3 30. Qxe3 Re8 31. Qd2 Nd7 32. Rbd1 Qg7 33. f4 e6 34.
dxe6 Rxe6 35. f5 Re8 36. g5 Qh8 37. f6 Re6 38. Ng2 h6 39. Nf4 Re5 40. Nd5 hxg5
41. Ne7+ Kh7 42. Qxd6 Re6 43. Qg3 Qxf6 44. Nd5 Qe5 45. Nc7 Nf6 46. Nxe6 Qxe6
47. Rd6 Qe7 48. e5 Nh5 49. Qf3 Nf4 50. Rf6 Bd7 51. h4 Be6 52. Kh2 Bd5 53. Qf1
Ng2 54. hxg5 Nxe1 55. Qxe1 Bxb3 56. Qh4+ Kg7 57. Qg3 Be6 58. Rf2 Qd8 59. Qf4
Bf5 60. Rd2 Qh8+ 61. Kg1 Qb8 62. Kh2 Qb4 63. Qe3 Qh4+ 64. Kg1 Qg4+ 65. Rg2 Qd1+
66. Kh2 c4 67. Qb6 Be4 68. Qf6+ Kg8 69. Rf2 Qh1+ 70. Kg3 Qg1+ 71. Kh4 Bf5 72.
Rxf5 Qh2+ 73. Kg4 Qh5+ 74. Kf4 gxf5 75. Qxf5 Qh7 76. Qc8+ Kg7 77. Qxa6 Qh4+ 78.
Kf5 Qh3+ 79. Kf4 Qd3 80. Kg4 Qd4+ 81. Kh5 Qd3 82. Kg4 Qe4+ 83. Kh5 Qg6+ 0-1

[Event "Argentina ch 2005 final"]
[Site "Buenos Aires"]
[Date "2005.09.10"]
[Round "3.3"]
[White "Duarte, Leonardo"]
[Black "Valerga, Diego"]
[Result "1-0"]
[WhiteElo "2317"]
[BlackElo "2499"]
[PlyCount "53"]
[EventDate "2005.09.08"]
[EventType "tourn"]
[EventRounds "9"]
[EventCountry "ARG"]
[EventCategory "7"]
[Source "lmi"]
[SourceDate "2005.09.18"]

1. e4 c5 2. Nf3 e6 3. d4 cxd4 4. Nxd4 Nf6 5. Nc3 d6 6. Be2 Be7 7. O-O O-O 8.
Be3 a6 9. f4 Qc7 10. Kh1 b5 11. a3 Bb7 12. Bd3 Nbd7 13. Qf3 g6 14. Nde2 Rac8
15. Qh3 Rfe8 16. f5 e5 17. Bg5 d5 18. exd5 e4 19. Bxe4 Nxe4 20. Nxe4 Bxd5 21.
N2c3 Bc4 22. Bxe7 Bxf1 23. f6 Qf4 24. Qxd7 a5 25. Qd6 Qf5 26. Qd2 Bxg2+ 27.
Qxg2 1-0

[Event "Argentina ch 2005 final"]
[Site "Buenos Aires"]
[Date "2005.09.10"]
[Round "3.4"]
[White "Flores, Diego"]
[Black "Ricardi, Pablo"]
[Result "1/2-1/2"]
[WhiteElo "2513"]
[BlackElo "2551"]
[PlyCount "79"]
[EventDate "2005.09.08"]
[EventType "tourn"]
[EventRounds "9"]
[EventCountry "ARG"]
[EventCategory "7"]
[Source "lmi"]
[SourceDate "2005.09.18"]

1. Nf3 Nf6 2. c4 c5 3. g3 g6 4. b3 Bg7 5. Bb2 O-O 6. Bg2 d5 7. cxd5 Qxd5 8. O-O
Qh5 9. d3 Nc6 10. Nbd2 Bh3 11. Rc1 b6 12. a3 Rac8 13. Rc4 Bxg2 14. Kxg2 Qd5 15.
Qa1 Na5 16. Ra4 Nxb3 17. Nxb3 Qxb3 18. Rxa7 Qe6 19. Be5 Bh6 20. Qc3 Ra8 21.
Rxa8 Rxa8 22. Bxf6 exf6 23. Rb1 Bf8 24. Qb3 c4 25. Qxc4 Qxc4 26. dxc4 Bc5 27.
Nd2 f5 28. Nb3 Ra4 29. Nxc5 bxc5 30. Ra1 Kf8 31. Kf3 Ke7 32. Ke3 Rxc4 33. a4
Kd7 34. a5 Kc7 35. a6 Kb8 36. Kd3 Rd4+ 37. Kc3 Ka7 38. Ra5 Rd1 39. Rxc5 Kxa6
40. Rc6+ 1/2-1/2

[Event "Argentina ch 2005 final"]
[Site "Buenos Aires"]
[Date "2005.09.10"]
[Round "3.5"]
[White "Alonso, Salvador"]
[Black "Lafuente, Pablo"]
[Result "1/2-1/2"]
[WhiteElo "2456"]
[BlackElo "2435"]
[PlyCount "76"]
[EventDate "2005.09.08"]
[EventType "tourn"]
[EventRounds "9"]
[EventCountry "ARG"]
[EventCategory "7"]
[Source "lmi"]
[SourceDate "2005.09.18"]

1. e4 c5 2. Nf3 d6 3. d4 cxd4 4. Nxd4 Nf6 5. Nc3 a6 6. Bc4 e6 7. Bb3 b5 8. Bg5
Be7 9. Qf3 Qc7 10. O-O-O Nbd7 11. Rhe1 O-O 12. Qg3 Nc5 13. Bh6 Ne8 14. Kb1 Kh8
15. Bg5 Nf6 16. e5 dxe5 17. Qxe5 Qxe5 18. Rxe5 Bd6 19. Ree1 Bc7 20. f3 Bb7 21.
Rh1 Rac8 22. Bh4 Nfd7 23. Bg3 Nb6 24. a3 g6 25. Ba2 Kg7 26. Rhe1 Bxg3 27. hxg3
h5 28. Nb3 Nxb3 29. Bxb3 Bc6 30. Ne2 Rfd8 31. Nf4 Rxd1+ 32. Rxd1 Kf6 33. Re1
Bb7 34. Re2 Rc6 35. Kc1 Nd7 36. c3 Nc5 37. Bc2 Rc7 38. Rd2 Ke7 1/2-1/2

[Event "Argentina ch 2005 final"]
[Site "Buenos Aires"]
[Date "2005.09.11"]
[Round "4.1"]
[White "Pierrot, Juan Facundo"]
[Black "Lafuente, Pablo"]
[Result "1/2-1/2"]
[WhiteElo "2449"]
[BlackElo "2435"]
[PlyCount "47"]
[EventDate "2005.09.08"]
[EventType "tourn"]
[EventRounds "9"]
[EventCountry "ARG"]
[EventCategory "7"]
[Source "lmi"]
[SourceDate "2005.09.18"]

1. e4 c5 2. Nf3 e6 3. c3 d5 4. exd5 Qxd5 5. d4 Nf6 6. Bd3 cxd4 7. cxd4 Nc6 8.
Nc3 Qd6 9. O-O Be7 10. Nb5 Qd8 11. Bf4 Nd5 12. Bg3 a6 13. Nc3 O-O 14. Re1 Nxc3
15. bxc3 g6 16. Be4 Bd7 17. Qd2 Rc8 18. h4 Bf6 19. Rac1 b5 20. h5 Na5 21. Ne5
Nc4 22. Nxc4 Rxc4 23. Bd3 Rc8 24. Be5 1/2-1/2

[Event "Argentina ch 2005 final"]
[Site "Buenos Aires"]
[Date "2005.09.11"]
[Round "4.3"]
[White "Valerga, Diego"]
[Black "Flores, Diego"]
[Result "1/2-1/2"]
[WhiteElo "2499"]
[BlackElo "2513"]
[PlyCount "57"]
[EventDate "2005.09.08"]
[EventType "tourn"]
[EventRounds "9"]
[EventCountry "ARG"]
[EventCategory "7"]
[Source "lmi"]
[SourceDate "2005.09.18"]

1. e4 c5 2. Nf3 e6 3. d4 cxd4 4. Nxd4 Qb6 5. Nb3 Qc7 6. Bd3 Nf6 7. O-O a6 8.
Qe2 d6 9. c4 Be7 10. Nc3 O-O 11. Bd2 b6 12. a4 Nc6 13. Rfc1 Qb8 14. a5 Bd8 15.
axb6 Bxb6 16. Ra3 Re8 17. Be3 Bxe3 18. Qxe3 d5 19. Na4 Ne5 20. Nbc5 Qa7 21. h3
Rb8 22. Bf1 a5 23. Qg5 Ng6 24. cxd5 exd5 25. exd5 Re5 26. Qd2 Rxd5 27. Rd3 Rxd3
28. Bxd3 Bd7 29. Bxg6 1/2-1/2

[Event "Argentina ch 2005 final"]
[Site "Buenos Aires"]
[Date "2005.09.11"]
[Round "4.4"]
[White "Needleman, Gaston"]
[Black "Duarte, Leonardo"]
[Result "1/2-1/2"]
[WhiteElo "2242"]
[BlackElo "2317"]
[PlyCount "25"]
[EventDate "2005.09.08"]
[EventType "tourn"]
[EventRounds "9"]
[EventCountry "ARG"]
[EventCategory "7"]
[Source "lmi"]
[SourceDate "2005.09.18"]

1. c4 Nf6 2. Nc3 c5 3. Nf3 Nc6 4. d4 cxd4 5. Nxd4 e6 6. a3 Be7 7. g3 Qb6 8. e3
d5 9. cxd5 Nxd5 10. Nxd5 exd5 11. Qb3 O-O 12. Qxb6 axb6 13. Bg2 1/2-1/2

[Event "Argentina ch 2005 final"]
[Site "Buenos Aires"]
[Date "2005.09.11"]
[Round "4.5"]
[White "Soppe, Guillermo"]
[Black "Perdomo, Leandro"]
[Result "1/2-1/2"]
[WhiteElo "2432"]
[BlackElo "2345"]
[PlyCount "55"]
[EventDate "2005.09.08"]
[EventType "tourn"]
[EventRounds "9"]
[EventCountry "ARG"]
[EventCategory "7"]
[Source "lmi"]
[SourceDate "2005.09.18"]

1. d4 Nf6 2. c4 g6 3. Nc3 Bg7 4. e4 d6 5. Be2 O-O 6. Bg5 c5 7. d5 h6 8. Bf4 e6
9. dxe6 Bxe6 10. Qd2 h5 11. Nf3 Nc6 12. O-O Qa5 13. Ng5 Rad8 14. Nxe6 fxe6 15.
Bg5 Nd4 16. Bd3 Rd7 17. Rad1 Ng4 18. h3 Ne5 19. f4 Nxd3 20. Qxd3 Rdf7 21. Rd2
e5 22. Rdf2 exf4 23. Bxf4 Ne6 24. Be3 Rxf2 25. Rxf2 Rxf2 26. Bxf2 Bxc3 27. Qxd6
Qb6 28. Qb8+ 1/2-1/2

[Event "Argentina ch 2005 final"]
[Site "Buenos Aires"]
[Date "2005.09.12"]
[Round "5.1"]
[White "Perdomo, Leandro"]
[Black "Pierrot, Juan Facundo"]
[Result "1-0"]
[WhiteElo "2345"]
[BlackElo "2449"]
[PlyCount "105"]
[EventDate "2005.09.08"]
[EventType "tourn"]
[EventRounds "9"]
[EventCountry "ARG"]
[EventCategory "7"]
[Source "lmi"]
[SourceDate "2005.09.18"]

1. d4 Nf6 2. c4 e6 3. Nc3 Bb4 4. e3 O-O 5. Bd3 d5 6. Nf3 c5 7. O-O cxd4 8. exd4
dxc4 9. Bxc4 a6 10. Qe2 b5 11. Bb3 Bb7 12. Bg5 Bxc3 13. bxc3 Nbd7 14. Rac1 Qc7
15. c4 bxc4 16. Bxc4 Qd6 17. Ne5 Rfc8 18. Qb2 Rcb8 19. Nxd7 Nxd7 20. Qd2 Rc8
21. Bb3 Nb6 22. Bf4 Qd8 23. Be5 Bd5 24. Bxd5 Qxd5 25. Qg5 f6 26. Bxf6 Qd7 27.
Be5 Nd5 28. h3 Nc3 29. Rc2 h6 30. Qg3 Ne4 31. Qd3 Rxc2 32. Qxc2 Ng5 33. Rc1 Nf7
34. Qc6 Rd8 35. Qxd7 Rxd7 36. Rc8+ Kh7 37. Rc6 Nxe5 38. dxe5 Rd1+ 39. Kh2 Rd2
40. Rxe6 Rxf2 41. Rxa6 Re2 42. e6 Kg6 43. e7+ Kf7 44. Ra7 g5 45. Kg3 h5 46. Kf3
Rc2 47. a4 Rc3+ 48. Kf2 Rc2+ 49. Kg1 Rc1+ 50. Kh2 Rc5 51. Rb7 Rc3 52. Rb5 g4
53. h4 1-0

[Event "Argentina ch 2005 final"]
[Site "Buenos Aires"]
[Date "2005.09.12"]
[Round "5.2"]
[White "Duarte, Leonardo"]
[Black "Soppe, Guillermo"]
[Result "0-1"]
[WhiteElo "2317"]
[BlackElo "2432"]
[PlyCount "92"]
[EventDate "2005.09.08"]
[EventType "tourn"]
[EventRounds "9"]
[EventCountry "ARG"]
[EventCategory "7"]
[Source "lmi"]
[SourceDate "2005.09.18"]

1. e4 Nf6 2. e5 Nd5 3. d4 d6 4. Nf3 dxe5 5. Nxe5 g6 6. Bc4 c6 7. O-O Bg7 8. Bb3
O-O 9. h3 a5 10. a4 Nd7 11. Nf3 b6 12. Re1 h6 13. Nbd2 Bb7 14. Ne4 Qc7 15. c4
Nb4 16. Be3 Rad8 17. Qe2 Kh7 18. Rad1 e6 19. Bc2 Nxc2 20. Qxc2 c5 21. h4 Nf6
22. Ned2 Ng4 23. dxc5 Nxe3 24. Rxe3 Qxc5 25. Rde1 Kg8 26. b3 Qf5 27. Ne4 Rd7
28. Qe2 Rfd8 29. Ng3 Qg4 30. h5 g5 31. Qc2 Qf4 32. Nf1 Rd3 33. R1e2 Rd1 34. Re1
Rxe1 35. Nxe1 Qg4 36. Rd3 Rxd3 37. Qxd3 Qd4 38. Qe2 Qe4 39. Qd2 Bd4 40. Nf3 Bc5
41. Qd8+ Kg7 42. Qd2 Qf4 43. Qc3+ Qf6 44. Qe1 Bxf3 45. gxf3 Qxf3 46. Qe5+ Kh7
0-1

[Event "Argentina ch 2005 final"]
[Site "Buenos Aires"]
[Date "2005.09.12"]
[Round "5.3"]
[White "Flores, Diego"]
[Black "Needleman, Gaston"]
[Result "1/2-1/2"]
[WhiteElo "2513"]
[BlackElo "2242"]
[PlyCount "120"]
[EventDate "2005.09.08"]
[EventType "tourn"]
[EventRounds "9"]
[EventCountry "ARG"]
[EventCategory "7"]
[Source "lmi"]
[SourceDate "2005.09.18"]

1. Nf3 Nf6 2. g3 g6 3. Bg2 Bg7 4. O-O O-O 5. c4 d6 6. Nc3 e5 7. d3 Nc6 8. Bg5
h6 9. Bxf6 Bxf6 10. Rb1 a5 11. a3 Nd4 12. Nd2 c6 13. e3 Ne6 14. b4 h5 15. b5
Bd7 16. Nf3 Bg7 17. d4 exd4 18. exd4 c5 19. Ne2 Qb6 20. dxc5 Qxc5 21. Qd3 Rac8
22. Nd2 Ng5 23. Bxb7 Bf5 24. Qd5 Qxa3 25. Bxc8 Rxc8 26. Rb3 Qa2 27. b6 Be5 28.
b7 Rb8 29. Nc1 Qc2 30. f4 Nh3+ 31. Kg2 a4 32. Re3 Bc3 33. Re2 Bxd2 34. Rxd2 Qb1
35. Re1 Qxb7 36. Qxb7 Rxb7 37. Ne2 Bg4 38. Nd4 Rb4 39. Rc1 g5 40. f5 a3 41. Nb5
d5 42. Nxa3 Rb3 43. cxd5 Rxa3 44. Rf1 Ra7 45. d6 Rd7 46. Rd5 Kg7 47. Re1 Kf6
48. Re3 Bxf5 49. Rf3 Nf4+ 50. gxf4 Be4 51. fxg5+ Ke6 52. Rd4 Bxf3+ 53. Kxf3
Rxd6 54. Rxd6+ Kxd6 55. Kg3 f6 56. g6 Ke7 57. Kf4 Kf8 58. Ke4 Kg8 59. Kf5 Kg7
60. h4 Kh6 1/2-1/2

[Event "Argentina ch 2005 final"]
[Site "Buenos Aires"]
[Date "2005.09.12"]
[Round "5.4"]
[White "Alonso, Salvador"]
[Black "Valerga, Diego"]
[Result "0-1"]
[WhiteElo "2456"]
[BlackElo "2499"]
[PlyCount "70"]
[EventDate "2005.09.08"]
[EventType "tourn"]
[EventRounds "9"]
[EventCountry "ARG"]
[EventCategory "7"]
[Source "lmi"]
[SourceDate "2005.09.18"]

1. e4 c5 2. Nf3 e6 3. d4 cxd4 4. Nxd4 Nf6 5. Nc3 d6 6. Qe2 a6 7. g4 b5 8. g5
Nfd7 9. Bg2 Bb7 10. a3 Nb6 11. h4 N8d7 12. f4 Rc8 13. f5 e5 14. Ne6 fxe6 15.
Qh5+ g6 16. fxg6 Ke7 17. O-O Qe8 18. Rf7+ Kd8 19. gxh7 Nf6 20. Qg6 Nxh7 21. h5
Rc7 22. Rxc7 Qxg6 23. hxg6 Kxc7 24. gxh7 Rxh7 25. Kf2 Be7 26. Kg3 Rg7 27. Kh4
Bc6 28. b3 Nd7 29. Bd2 Nf8 30. Ne2 Nh7 31. Rf1 Nxg5 32. Bxg5 Rxg5 33. Kh3 Rg7
34. Bf3 Rf7 35. b4 Bxe4 0-1